书目信息 |
| 题名: |
梦想庭院——组合盆栽DIY
|
|
| 作者: | 李英善 著 ;成月香 , 李凤玉 译 | |
| 分册: | ||
| 出版信息: | 武汉 湖北科学技术出版社 2010.03 |
|
| 页数: | 149页 | |
| 开本: | 24cm | |
| 丛书名: | 绿手指园艺丛书 | |
| 单 册: | ||
| 中图分类: | S68 | |
| 科图分类: | ||
| 主题词: | 花卉--hua hui--愿意观赏 | |
| 电子资源: | ||
| ISBN: | 978-7-5352-4093-4 | |
| 000 | 01178nam 2200277 450 | |
| 001 | 012010969111 | |
| 005 | 20100624193307.29 | |
| 010 | @a978-7-5352-4093-4@dCNY35.00 | |
| 100 | @a20100624d2010 em y0chiy0120 ea | |
| 101 | 1 | @achi@ckor |
| 102 | @aCN@b420000 | |
| 105 | @aa z 000yy | |
| 106 | @ar | |
| 200 | 1 | @a梦想庭院——组合盆栽DIY@Ameng xiang ting yuan——zu he pen zai DIY@f李英善著@Fli ying shan zhu@g成月香, 李凤玉译@Gcheng yue xiang,li feng yu yi |
| 210 | @a武汉@c湖北科学技术出版社@d2010.03 | |
| 215 | @a149页@c图@d24cm | |
| 225 | 2 | @a绿手指园艺丛书@Alu shou zhi yuan yi cong shu |
| 330 | @a本书是一套针对家庭花园爱好者的园艺丛书,图文并茂,详细讲解了园艺种植的方法技巧。想让你的家居拥有有不一样的风情,展示源源不断的活力吗?其实很简单……绿色装饰DIY——家居的炫彩、花草的絮语、香气的弥漫在你手中完美地结合;槽具庭院装饰——再喧嚣的城市也抵不过你的妙想,充满自己生动的野? | |
| 410 | 0 | @12001 @a绿手指园艺丛书 |
| 606 | 0 | @a花卉@Ahua hui@x愿意观赏 |
| 690 | @aS68@v4 | |
| 701 | 0 | @a李英善@Ali ying shan@4著 |
| 702 | 0 | @a成月香@Acheng yue xiang@4译 |
| 702 | 0 | @a李凤玉@Ali feng yu@4译 |
| 801 | 0 | @aCN@bQSSK@c20100624 |
| 905 | @b783321-23@dS68@eL316@f3 | |
| 梦想庭院——组合盆栽DIY/李英善著/成月香, 李凤玉译.-武汉:湖北科学技术出版社,2010.03 |
| 149页:图;24cm.-(绿手指园艺丛书) |
| ISBN 978-7-5352-4093-4:CNY35.00 |
| 本书是一套针对家庭花园爱好者的园艺丛书,图文并茂,详细讲解了园艺种植的方法技巧。想让你的家居拥有有不一样的风情,展示源源不断的活力吗?其实很简单……绿色装饰DIY——家居的炫彩、花草的絮语、香气的弥漫在你手中完美地结合;槽具庭院装饰——再喧嚣的城市也抵不过你的妙想,充满自己生动的野? |
| ● |
| 相关链接 |
|
|
|
正题名:梦想庭院——组合盆栽DIY
索取号:S68/L316
 
预约/预借
| 序号 | 登录号 | 条形码 | 馆藏地/架位号 | 状态 | 备注 |
| 1 | 783321 | 207833219 | 期刊室512/401自科库 97排2列3层/ [索取号:S68/L316] | 在馆 | |
| 2 | 783322 | 207833228 | 期刊室512/401自科库 97排2列3层/ [索取号:S68/L316] | 在馆 | |
| 3 | 783323 | 207833237 | 自科库401/401自科库 97排2列3层/ [索取号:S68/L316] | 在馆 |